000 00660nam a2200277Ia 4500
005 20260330160718.0
008 008 300114s9999 xx 000 0 eng d
020 _a9789353509194
037 _aEBOOK
040 _aCRL
040 _beng
040 _cCRL
041 _2eng
041 _aeng
084 _qCRL
100 _aFERRANTE
_91232200
245 0 _aSEEING SOCIOLOGY: AN INTRODUCTION (EDITION1)
250 _a1
260 _bcengage
260 _c2011
650 _aSOCIOLOGY
856 _uhttps://cengageindiaelibrary.ipublishcentral.net/product-details/446536
942 _cEBOOK
999 _c1844050
_d1844050